banner koha

Respostas da soja ao Azospirillum brasilense e reguladores vegetais em condições de déficit hídrico (Registro n. 341354)

MARC details
000 -LÍDER
fixed length control field 04516nab a2200349 i 4500
003 - CÓDIGO MARC DA AGÊNCIA CATALOGADORA
Campo de controle BR-BrBNA
005 - DATA E HORA DA ÚLTIMA ATUALIZAÇÃO
Campo de controle 20260414104057.0
008 - CAMPO DE TAMANHO FIXO
fixed length control field 260414b2019 bl.qr|pooa||| 00| 0por |
040 ## - FONTE DA CATALOGAÇÃO
Agência catalogadora BR-BrBNA
Idioma da catalogação por
072 ## - CATEGORIA AGRIS
Código AGRIS F60
Código do objeto 0336
072 ## - CATEGORIA AGRIS
Código AGRIS F01
100 ## - ENTRADA PRINCIPAL - NOME PESSOAL
Nome pessoal Bulegon, Lucas Guilherme
100 ## - ENTRADA PRINCIPAL - NOME PESSOAL
Nome pessoal Guimarães, Vandeir Francisco
100 ## - ENTRADA PRINCIPAL - NOME PESSOAL
Nome pessoal Inagaki, Adriano Mitio
100 ## - ENTRADA PRINCIPAL - NOME PESSOAL
Nome pessoal Battistus, Andre Gustavo
100 ## - ENTRADA PRINCIPAL - NOME PESSOAL
Nome pessoal Offemann, Luiz Claudio
100 ## - ENTRADA PRINCIPAL - NOME PESSOAL
Nome pessoal Souza, Aline Kelly Pomini de
245 ## - TÍTULO PRINCIPAL
Título principal Respostas da soja ao Azospirillum brasilense e reguladores vegetais em condições de déficit hídrico
500 ## - NOTA GERAL
Nota geral <br/><br/>Publicação online; 45 ref.; 4 illus.; Summaries (En, Pt)
942 ## - ADDED ENTRY ELEMENTS (KOHA)
Koha item type Analítica
520 ## - NOTA DE RESUMO
Nota de conteúdo <br/><br/><br/>RESUMO: Objetivou-se avaliar as respostas fotossintéticas e produtivas da cultura da soja inoculada com Azospirillum brasilense, via semente e foliar e aplicação de reguladores vegetais via foliar, submetida a déficit hídrico severo. Para isso utilizou-se delineamento de blocos casualizados, com cinco tratamentos e cinco repetições: controle irrigado, controle com déficit hídrico, A. brasilense na semente com déficit hídrico, A. brasilense foliar com déficit hídrico e reguladores vegetais (auxina, giberelina e citocinina - AX+GA+CK) foliar com déficit hídrico. A imposição do déficit hídrico ocorreu no florescimento pleno. As avaliações realizadas diariamente e após a reidratação consistiram de: teor relativo de água (TRA), umidade gravimétrica do solo (Ug) e trocas gasosas. No déficit hídrico severo avaliou-se a fluorescência da clorofila a, e no momento da maturação, o número de vagens por planta e grãos por vagem, massa de 100 grãos e produção. O TRA e a Ug não apresentaram variações entre os tratamentos mantidos em deficiência hídrica. Nas trocas gasosas a aplicação foliar de A. brasilense auxiliou na manutenção da assimilação de CO2 e elevou a eficiência no uso da água. Em relação a produção a aplicação foliar de A. brasilense ou AX+GA+CK mitigaram as perdas pela incidência da deficiência hídrica. Conclui-se que o uso de A. brasilense foliar ou reguladores vegetais amenizam as perdas em produção quando da incidência de deficiência hídrica no período de florescimento. <br/><br/><br/><br/>Palavras-chave: fluorescência da clorofila a; relações hídricas; resistência a estresses abióticos; trocas gasosas
520 ## - NOTA DE RESUMO
Nota de conteúdo <br/><br/><br/>ABSTRACT: The objective of this study was to evaluate the photosynthetic and productive responses of the soybean inoculated with A. brasilense, via seed and foliar spray application of foliar spray application of plant regulators, submitted to severe drought. For this we used a randomized block design with five treatments and five replications: irrigated control, drought control, A. brasilense seed with drought, foliar spray A. brasilense with drought and foliar spray plant regulators (auxin, gibberellin and cytokinin - AX+GA+CK) with drought. The evaluations performed daily and after rehydration consisted of: relative water content (RWC), soil gravimetric moisture (Ug) and gas exchange. In severe drought the chlorophyll a fluorescence was evaluated, and at the moment of maturation, the number of pods per plant and grains per pod, mass of 100 grains and production. RWC and Ug did not show variations between treatments maintained in drought. In the gas exchanges the foliar spray application of A. brasilense assisted in the maintenance of CO2 assimilation and increased the water use efficiency. In relation to the production the foliar spray application of A. brasilense or AX + GA + CK softens the losses in drought conditions. It is concluded that the use of A. brasilense foliar or plant regulators alleviates losses in production when the incidence of drought in the flowering period. <br/><br/><br/><br/>Key words: fluorescence of chlorophyll a; water relations; resistance to abiotic stress; gas exchange
650 ## - ASSUNTO - THESAGRO
Cabeçalho tópico ou nome geográfico SOJA
650 ## - ASSUNTO - THESAGRO
Cabeçalho tópico ou nome geográfico REGULADOR DE CRESCIMENTO
650 ## - ASSUNTO - THESAGRO
Cabeçalho tópico ou nome geográfico DEFICIÊNCIA HÍDRICA
650 ## - ASSUNTO - THESAGRO
Cabeçalho tópico ou nome geográfico FOTOSSÍNTESE
650 ## - ASSUNTO - THESAGRO
Cabeçalho tópico ou nome geográfico TROCA GASOSA
650 ## - ASSUNTO - THESAGRO
Cabeçalho tópico ou nome geográfico FISIOLOGIA VEGETAL
773 0# - ENTRADA ANALÍTICA
Host Biblionumber 4656
Registro do item 361589
Imprenta Recife-PE Universidade Federal Rural de Pernambuco 2006
Outro identificador 2026-1601
Título Revista Brasileira de Ciências Agrárias (Brazil)
ISSN 1981-1160
Colação v. 14(4) p. 1-10; (2019)
Número de controle de registro BR2026000114
856 ## - ACESSO E ENDEREÇO ELETRÔNICO
Identificador uniforme de recurso - URI http://www.agraria.pro.br/ojs32/index.php/RBCA/article/view/v14i4a5678/119

Nenhum exemplar disponível.

BINAGRI

Telefone: (61)3218-2567/2388/3357/2097 - binagri@agro.gov.br

Ministério da Agricultura e Pecuária , Esplanada dos Ministérios, Bloco D, Anexo B, Brasília/DF, CEP: 70.043-900